10 questions de culture mathématique - Statistiques

Statistiques générales
  • Ce quiz a été pris 114 fois
  • Le résultat moyen est 5 sur 10
Statistiques - réponses
Hint Réponse % Correct
Quel est la base du logarithme népérien ? e
92%
Quelle est l'unité complexe ? i
87%
Comment s'appelle cette opération : n! la factorielle
82%
Quel grand mathématicien donna son nom à cette formule e^iπ=-1 ? Euler
63%
Quelle formule donne le développement de la forme (a+b)^n ? binôme de Newton
54%
Quelle est la dérivée la fonction exponentielle ? elle même
45%
Quel mathématicien a démontrer la conjecture de Poincaré ? Perelman
31%
Quel outils mathématique donne l'aire entre une courbe et l'axe des abscisse ? l'intégrale
24%
Quelle fonction donne π²/6 quand on y donne la valeur 2 ? fonction zeta
20%
Comment appelle t on la géométrie quand on enlève le 5 axiome ? géométrie non euclidienne
19%
Aucun quiz correspondant
Distribution des résultats
% des personnes avec chaque résultat
Percentile par nombre de réponses
Votre historique - résultats
Vous n’avez pas pris ce quiz